Państwa Graniczące z Alaską - Statystyki

Ogólne statystyki
  • Ten quiz został rozwiązany 26 razy
  • Średni wynik to 10 z 20
Statystyki odpowiedzi
km Państwo m (mili) % Poprawnych
4 Rosja 2
100%
0 Kanada 0
90%
2195 Japonia 1364
76%
2677 Chiny 1663
71%
2689 Meksyk 1671
62%
3740 Mongolia 2324
62%
2135 Dania (Grendlandia) 1327
57%
3291 Korea Północna 2045
57%
3703 Korea Południowa 2301
57%
5200 Tajwan 3231
48%
4163 Islandia 2587
43%
4170 Norwegia 2591
43%
5226 Kuba 3247
38%
4407 Szwecja 2739
38%
5169 Wielka Brytania 3212
38%
4289 Finlandia 2665
33%
4940 Francja (Saint-Pierre i Miquelon) 3070
33%
5251 Mikronezja 3263
19%
4644 Wyspy Marshalla 2886
19%
5165 Bahamy 3209
10%
Nie znaleziono quizów pasujących do podanych kryteriów
Rozkład punktacji
Procent ludzi z każdym wynikiem
Percentyl według liczby udzielonych odpowiedzi
Twoja historia wyników
Nie rozwiązałeś tego quizu